MARC Record
Leader
003
BE-GnUNI
007
't'u
035
a| (MSK)314000580
084
a| II.D.69
245
0
0
a| Hessenprofile :
b| Journal für Wissenschaft und Kunst.
260
a| Wiesbaden :
b| Hessisches Ministerium für Wissenschaft und Kunst,
c| 1988-1990.
546
a| Duits
500
a| Tijdschriften
852
4
b| MSK
c| MSK
j| II.D.69
920
a| tijdschrift
001
000044749
005
20241224121705.0